Größte Städte und Agglomerationen in Kanada - Whammies - Statistiken

Allgemein
  • Dieses Quiz wurde 23 mal gespielt
  • Das Durchschnittsergebnis liegt bei 17 aus 40
Antwortstatistiken
# # Antwort % Korrekt
Stadt 1.153.843 Ottawa
95%
Agglomeration 1.660.000 Ottawa / Gatineau
95%
Stadt 756.008 Vancouver
95%
Agglomeration 3.109.000 Vancouver
95%
Stadt 1.945.359 Montreal
91%
Agglomeration 4.615.000 Montreal
91%
Stadt 3.272.119 Toronto
91%
Agglomeration 7.106.000 Toronto
91%
Stadt 1.569.133 Calgary
77%
Agglomeration 1.779.000 Calgary
77%
Stadt 1.190.458 Edmonton
73%
Agglomeration 1.632.000 Edmonton
73%
Stadt 592.884 Québec
73%
Agglomeration 900.000 Québec
73%
Stadt 843.640 Winnipeg
64%
Agglomeration 942.000 Winnipeg
64%
Stadt 502.753 Halifax
41%
Agglomeration 530.000 Halifax
41%
Stadt 488.640 London
36%
Agglomeration 626.000 London
36%
Agglomeration 282.000 Regina
32%
Agglomeration 367.000 Saskatoon
32%
Stadt 632.111 Hamilton
27%
Agglomeration 860.000 Hamilton
27%
Stadt 780.747 Mississauga
27%
Agglomeration 441.000 Victoria
23%
Agglomeration 484.000 Windsor
18%
Stadt 460.396 Laval
14%
Agglomeration 252.000 Kelowna
9%
Stadt 320.360 Kitchener
9%
Agglomeration 696.000 Kitchener
9%
Agglomeration 492.000 St. Catharines / Niagara
9%
Agglomeration 246.000 Barrie
5%
Stadt 791.486 Brampton
5%
Stadt 305.334 Gatineau
5%
Stadt 700.459 Surrey
5%
Stadt 298.986 Burnaby
0%
Stadt 368.110 Markham
0%
Agglomeration 482.000 Oshawa
0%
Stadt 353.648 Vaughan
0%
Keine übereinstimmenden Quizze gefunden
Verteilung der Resultate
Anzahl Personen mit jedem Resultat
Perzentil nach korrekt beantworteten Fragen
Ihre Resultats-Entwicklung
Sie haben dieses Quiz noch nicht gespielt